000 00966nam0a2200313 4500
001 RU\NLR\BIBL_A\022586828
005 20260420050942.0
010 _a978-5-0067-0555-5
021 _aRU
_bКН-П-25-031258
_9КН-П-25-3092
035 _a(NLR Aleph) 022586828
090 _a13678413
_c13678413
100 _a20250717d2025 u y0rusy50 ca
101 0 _arus
102 _aRU
105 _aa z 000gy
181 0 _ai
_baxxe
182 0 _an
200 1 _aЯ выхожу, рассекая плечами апрель
_fНикита Болотов
203 _aТекст
_bвизуальный
_cнепосредственный
210 _a[б.м.]
_cИздательские решения
_d2025
215 _a40 с.
_cил.
_d21
333 _a18+
686 2 _aШ6(2=Р)8-5
700 1 _aБолотов
_bН.
_gНикита
942 _cBOOK
980 _aNB